000 00825nam a2200301Ia 4500
001 B4038
003 IT-RoPAU
008 130308s9999 xx 000 0 und d
040 _aIT-RoPAU
040 _cIT-RoPAU
041 _aPORTOGHESE
100 _aJambeiro Othon
100 _gCodice Aut. SPICS: 38053
245 _aDemocratizar a comunicacao
245 _bComunicacao na construcao da paz (A)
250 _a1a ed.
260 _aSAO PAULO
260 _bEdicoes Paulinas
260 _c1987 [1° Ed.:1987 - Ed.Ling.Originale:1987]
300 _a"4 p. (prefazione: no ; testo: 4 [pagine: 109-112])"
500 _aDemocratizzare la Comunicazione.
650 _aSOCIOLOGIA DELLA COMUNICAZIONE SOCIALE
650 _eCodice materia Spics: 3806
942 _cBK
957 _71
999 _c44266
_d44266
999 _bSI
999 _g1